| 000 | 00402nam a2200157Ia 4500 | ||
|---|---|---|---|
| 003 | OSt | ||
| 005 | 20230831170607.0 | ||
| 008 | 230125s9999 xx 000 0 und d | ||
| 020 | _a951017519 | ||
| 082 |
_a294.54 _bSARD |
||
| 100 | _aSARASWATIJI, Chidanand | ||
| 245 | 0 | _aDrops of Nectar : a collection of teaching | |
| 260 |
_bSwami Chidanand Saraswatiji, Muniji _c1999 |
||
| 300 | _a114 | ||
| 942 |
_cBK _2ddc |
||
| 999 |
_c38 _d38 |
||